<?xml version="1.0" encoding="UTF-8"?>
<record
    xmlns:xsi="http://www.w3.org/2001/XMLSchema-instance"
    xsi:schemaLocation="http://www.loc.gov/MARC21/slim http://www.loc.gov/standards/marcxml/schema/MARC21slim.xsd"
    xmlns="http://www.loc.gov/MARC21/slim">

  <leader>03857nam a2200469   4500</leader>
  <controlfield tag="001">OTLid0000464</controlfield>
  <controlfield tag="003">MnU</controlfield>
  <controlfield tag="005">20201105133331.0</controlfield>
  <controlfield tag="006">m     o  d s      </controlfield>
  <controlfield tag="008">180907s2017    mnu     o     0   0 eng d</controlfield>
  <datafield tag="020" ind1=" " ind2=" ">
    <subfield code="a"></subfield>
  </datafield>
  <datafield tag="040" ind1=" " ind2=" ">
    <subfield code="a">MnU</subfield>
    <subfield code="b">eng</subfield>
    <subfield code="c">MnU</subfield>
  </datafield>
  <datafield tag="050" ind1=" " ind2="4">
    <subfield code="a">H1</subfield>
  </datafield>
  <datafield tag="050" ind1=" " ind2="4">
    <subfield code="a">HM621</subfield>
  </datafield>
  <datafield tag="050" ind1=" " ind2="4">
    <subfield code="a">HQ1101</subfield>
  </datafield>
  <datafield tag="050" ind1=" " ind2="4">
    <subfield code="a">GN25</subfield>
  </datafield>
  <datafield tag="050" ind1=" " ind2="4">
    <subfield code="a">BL1</subfield>
  </datafield>
  <datafield tag="245" ind1="0" ind2="0">
    <subfield code="a">Perspectives</subfield>
    <subfield code="b">An Open Invitation to Cultural Anthropology</subfield>
    <subfield code="c">Nina Brown</subfield>
  </datafield>
  <datafield tag="264" ind1=" " ind2="2">
    <subfield code="b">Open Textbook Library</subfield>
  </datafield>
  <datafield tag="264" ind1=" " ind2="1">
    <subfield code="b">American Anthropological Association</subfield>
  </datafield>
  <datafield tag="300" ind1=" " ind2=" ">
    <subfield code="a">1 online resource</subfield>
  </datafield>
  <datafield tag="490" ind1="0" ind2=" ">
    <subfield code="a">Open textbook library.</subfield>
  </datafield>
  <datafield tag="505" ind1="0" ind2=" ">
    <subfield code="a">1. The Development of Anthropological Ideas -- 2. The Culture Concept -- 3. Doing Fieldwork: Methods in Cultural Anthropology -- 4. Language -- 5. Subsistence -- 6. Economics -- 7. Political Anthropology: A Cross-Cultural Comparison -- 8. Family and Marriage -- 9. Race and Ethnicity -- 10. Gender and Sexuality -- 11. Religion -- 12. Globalization -- 13. Culture and Sustainability -- 14. Performance -- 15. Health and Medicine -- 16. Seeing Like an Anthropologist: Anthropology in Practice -- 17. Media Anthropology: Meaning, Embodiment, Infrastructure, and Activism -- 18. Public Anthropology</subfield>
  </datafield>
  <datafield tag="520" ind1="0" ind2=" ">
    <subfield code="a">We are delighted to bring to you this novel textbook, a collection of chapters on the essential topics in cultural anthropology. Different from other introductory textbooks, this book is an edited volume with each chapter written by a different author. Each author has written from their experiences working as an anthropologist and that personal touch makes for an accessible introduction to cultural anthropology. Our approach to cultural anthropology is holistic. We see the interconnectedness of cultural practicesand, in all of the chapters, we emphasize the comparison of cultures and the ways of life ofdifferent peoples. We start with Laura Nader's observation that cultural differences need not be seenas a problem. In our complicated world of increasing migration, nationalism, and climate challenges,cultural diversity might actually be the source of conflict resolution and new approaches to ensuringa healthier world. Indeed, as Katie Nelson reminds us, anthropology exposes the familiarity in theideas and practices of others that seem bizarre. Robert Borofsky advocates for anthropology's abilityto empower people and facilitate good. Borofsky calls on anthropologists to engage with a widerpublic to bring our incredible stories and important insights to helping resolve the most critical issueswe face in the world today. This book brings Nader, Nelson, Borofsky, and many others together todemonstrate that our anthropological understandings can help all of us to improve the lives of peoplethe world over. We need you, as students, to see the possibilities. As instructors, we want to help youshare anthropological knowledge and understanding easily. We want all readers to be inspired by theintensely personal writings of the anthropologists who contribute to this volume.</subfield>
  </datafield>
  <datafield tag="542" ind1="1" ind2=" ">
    <subfield code="f">Attribution-NonCommercial</subfield>
  </datafield>
  <datafield tag="546" ind1=" " ind2=" ">
    <subfield code="a">In English.</subfield>
  </datafield>
  <datafield tag="588" ind1="0" ind2=" ">
    <subfield code="a">Description based on print resource</subfield>
  </datafield>
  <datafield tag="650" ind1=" " ind2="0">
    <subfield code="a">Social sciences</subfield>
    <subfield code="v">Textbooks</subfield>
  </datafield>
  <datafield tag="650" ind1=" " ind2="0">
    <subfield code="a">Cultural and Ethnic Studies</subfield>
    <subfield code="v">Textbooks</subfield>
  </datafield>
  <datafield tag="650" ind1=" " ind2="0">
    <subfield code="a">Gender and Sexuality Studies</subfield>
    <subfield code="v">Textbooks</subfield>
  </datafield>
  <datafield tag="650" ind1=" " ind2="0">
    <subfield code="a">Anthropology</subfield>
    <subfield code="v">Textbooks</subfield>
  </datafield>
  <datafield tag="650" ind1=" " ind2="0">
    <subfield code="a">Religion</subfield>
    <subfield code="v">Textbooks</subfield>
  </datafield>
  <datafield tag="700" ind1="1" ind2=" ">
    <subfield code="a">Brown, Nina </subfield>
    <subfield code="e">editor</subfield>
  </datafield>
  <datafield tag="700" ind1="1" ind2=" ">
    <subfield code="a">Gonzalez, Laura </subfield>
    <subfield code="e">editor</subfield>
  </datafield>
  <datafield tag="700" ind1="1" ind2=" ">
    <subfield code="a">Mcllwraith, Thomas </subfield>
    <subfield code="e">editor</subfield>
  </datafield>
  <datafield tag="710" ind1="2" ind2=" ">
    <subfield code="a">Open Textbook Library</subfield>
    <subfield code="e">distributor</subfield>
  </datafield>
  <datafield tag="856" ind1="4" ind2="0">
    <subfield code="u">https://open.umn.edu/opentextbooks/textbooks/464</subfield>
    <subfield code="z">Access online version</subfield>
  </datafield>
  <datafield tag="999" ind1=" " ind2=" ">
    <subfield code="c">19847</subfield>
    <subfield code="d">19847</subfield>
  </datafield>
  <datafield tag="952" ind1=" " ind2=" ">
    <subfield code="0">0</subfield>
    <subfield code="1">0</subfield>
    <subfield code="2">lcc</subfield>
    <subfield code="4">0</subfield>
    <subfield code="7">0</subfield>
    <subfield code="a">DL</subfield>
    <subfield code="c">OA</subfield>
    <subfield code="d">2020-11-05</subfield>
    <subfield code="l">0</subfield>
    <subfield code="o">H1</subfield>
    <subfield code="r">2020-11-05</subfield>
    <subfield code="u">https://open.umn.edu/opentextbooks/textbooks/464</subfield>
    <subfield code="w">2020-11-05</subfield>
    <subfield code="y">EBOOK</subfield>
  </datafield>
</record>
